Opening pages (notice n° 1674587)
[ vue normale ]
| 000 -LEADER | |
|---|---|
| fixed length control field | 01624cam a2200169 4500500 |
| 005 - DATE AND TIME OF LATEST TRANSACTION | |
| control field | 20260301001848.0 |
| 041 ## - LANGUAGE CODE | |
| Language code of text/sound track or separate title | fre |
| 042 ## - AUTHENTICATION CODE | |
| Authentication code | dc |
| 100 10 - MAIN ENTRY--PERSONAL NAME | |
| Personal name | Lhoste, Évelyne Françoise |
| Relator term | author |
| 245 00 - TITLE STATEMENT | |
| Title | Opening pages |
| 260 ## - PUBLICATION, DISTRIBUTION, ETC. | |
| Date of publication, distribution, etc. | 2024.<br/> |
| 500 ## - GENERAL NOTE | |
| General note | 25 |
| 520 ## - SUMMARY, ETC. | |
| Summary, etc. | The Primequal research program, aimed at studying air quality at the local scale, was initiated in 1995 by the Ministry in charge of the Environment and by ADEME (French Environment and Energy Management Agency). Designed as a multidisciplinary program, it centered chiefly on the physico-chemical and sanitary aspects of air pollution. Human and social sciences, though regularly invited to participate in the program, have remained little involved. To overcome this problem, a special call for research wholly dedicated to the field was set up in 2004. Eight projects, whose results are briefly summarized and discussed in this paper, were funded. For the authors, one of the main findings of this research is the remaining gap, due to poor governance, between the institutional approach to air quality based on monitoring and administrative overseeing and the population’s lack of grasp and involvement regarding an issue to which they are, however, highly sensitive and whose sanitary implications they are strongly aware of. |
| 700 10 - ADDED ENTRY--PERSONAL NAME | |
| Personal name | de Montera, Béatrice |
| Relator term | author |
| 786 0# - DATA SOURCE ENTRY | |
| Note | Revue de philologie, de littérature et d'histoire anciennes | XCVIII | 1 | 2024-01-28 | p. 3-6 | 0035-1652 |
| 856 41 - ELECTRONIC LOCATION AND ACCESS | |
| Uniform Resource Identifier | <a href="https://shs.cairn.info/journal-revue-de-philologie-de-litterature-et-dhistoire-anciennes-2024-1-page-3?lang=en&redirect-ssocas=7080">https://shs.cairn.info/journal-revue-de-philologie-de-litterature-et-dhistoire-anciennes-2024-1-page-3?lang=en&redirect-ssocas=7080</a> |
Pas d'exemplaire disponible.




Réseaux sociaux